| 000 | 01144cam a2200277 i 4500 | ||
|---|---|---|---|
| 003 | SA-RiAUC | ||
| 005 | 20250101083917.0 | ||
| 008 | 241218s1982 le g 000 0cara c | ||
| 040 |
_aSA-MuMU _bara _cSA-RiAUC _erda |
||
| 082 | 0 | 4 | _a928.1 |
| 090 |
_a928.1 _b ا ب و ب |
||
| 100 | 1 |
_aأبو بكر الصولي، محمد بن يحيى بن عبد الله، _dتوفي 335 هجري _eمؤلف. |
|
| 245 | 1 | 0 |
_aأخبار الشعراء المحدثين من كتاب الأوراق / _cأبو بكر محمد بن يحيى الصولي ؛ حققه ج. هيورث دن. |
| 250 | _aالطبعة الثانية. | ||
| 264 | 1 |
_aبيروت : _bدار المسيرة، _c1982 |
|
| 300 |
_aمجلد ؛ _c24 سم |
||
| 336 |
_aنص _btxt _2rdacontent _3كتاب |
||
| 337 |
_aبدون وسيط _bn _2rdamedia |
||
| 338 |
_aمجلد _bnc _2rdacarrier |
||
| 650 | 7 |
_aالشعراء العرب _yالعصر العباسي _vتراجم _2aucsh |
|
| 700 | 1 |
_aهيورث-دن، ج.، _d1904-1974 _eمحقق. |
|
| 740 | 2 | 2 | _aالأوراق. |
| 942 |
_2ddc _cBOOK _n0 |
||
| 949 |
_aSA-JeALM _d241218 _umohamedma123 _n1 |
||
| 999 |
_c4296 _d4296 |
||